000 01020nam a22001935i 4500
001 166556
003 ES-MaACL
005 20250904063105.0
008 020318s1890 sp |||| | spa d
040 _aCAM
_bspa
_cCAM
100 1 _aTorromé, Rafael,
_d1861-1924
_9111060
245 1 3 _aEl sentido común
_b: comedia dramática en tres actos y en verso /
_coriginal de Rafael Torromé y Ros.
260 _aMadrid :
_b[s.n.],
_c1890 (
_fImprenta de José Rodriguez)
300 _a88 p. ;
_c20 cm.
500 1 _aEstrenada en el Teatro Español la noche del 6 de febrero de 1890.
596 1 _aEn verso de la port. consta: "... Galería Lírico-Dramática, titulada El Teatro, de Florencio Fiscowich ..."
852 _aES-MaACL
_jT-580-F-4
_z-- Enc. hol., conservando la cub. original
_z-- Enc. en un vol. facticio
_x-- Edic.: añadir en T260 [Florencio Fiscowich, editor], T440 (El Teatro: colección de obras dramáticas y líricas) -- T596 Dato de ed. y serie constan en la cub.
999 _c166556
_d166556